Score 0/25 Timer 05:00
0 Plays Today
% Correct
High adventure that's beyond compare.
94.4%
They are the Gummi Bears!
94.4%
They are the Gummi Bears!
94.4%
Courageous and caring,
88.9%
Dashing and daring,
83.3%
Along with the secret
83.3%
All through the forest,
83.3%
Gummi Bears!!
83.3%
Bouncing here and there and everywhere.
83.3%
As their song fills the air.
77.8%
With stories to share.
77.8%
Of gummiberry juice.
77.8%
High adventure that's beyond compare.
77.8%
% Correct
They sing out in chorus,
77.8%
They are the Gummi Bears!
77.8%
Bouncing here and there and everywhere.
77.8%
Are part of their history,
77.8%
In whatever they do.
77.8%
Gummi Bears!!
77.8%
Faithful and friendly,
72.2%
They'll fight for what's right,
72.2%
Magic and mystery
72.2%
They take pride in knowing,
66.7%
Their legend is growing,
66.7%
Marching along
61.1%

You're not logged in!

Compare scores with friends on all Sporcle quizzes.
OR
Log In

Sporcle TV

Today on Sporcle TV


Watch our educational content, quiz creation guides, and fun videos on Sporcle TV.

Show Comments

Extras

Top Quizzes Today


Score Distribution

Paid Content

Your Account Isn't Verified!

In order to create a playlist on Sporcle, you need to verify the email address you used during registration. Go to your Sporcle Settings to finish the process.

Report this User

Report this user for behavior that violates our Community Guidelines.

Details: